Veľké tajomstvo príklady a myšlienky o manželstve

Podrobná bibliografia
Hlavný autor: Dancák, František, 1939-2018 (Autor)
Médium: Kniha
Jazyk:slovenčina
Fyzický popis:100 s. 21 cm
Vydavateľské údaje: Prešov Petra 2014
ISBN:9788080990916
Vydanie:2. dopl. vyd.
Predmet:

MARC

LEADER 00000cam a2200000 a 4500
001 vtls010689245
003 SK-MaSNL
005 20260301091058.0
008 240315s2014 xo g n 000 0 slo
015 |a SNBA2015/07 
020 |a 9788080990916  |q (brož.) 
035 |a A12C6DD9-0120-4B0F-88A9-9F0461397D68 
035 |a urn:nbn:sk:snk-amksxo 
035 |a urn:nbn:sk:snk-am00570v 
040 |a SNK  |b slo  |c SNK  |e AACR2 
041 0 |a slo 
044 |a xo  |c SK 
072 7 |a 27-4  |x Praktická teológia. Morálna teológia  |2 konspekt 
080 |a 173.1  |2 2001 
080 |a (0:82-32)  |2 2001 
080 |a 27  |2 2001 
080 |a 27-452  |2 2001 
080 |a 27-42  |2 2001 
080 |a 177.6  |2 2001 
100 1 |a Dancák, František,  |d 1939-2018  |4 aut  |9 99141 
245 1 0 |a Veľké tajomstvo  |b príklady a myšlienky o manželstve  |c František Dancák 
246 3 0 |a Príklady a myšlienky o manželstve 
250 |a 2. dopl. vyd. 
260 |a Prešov  |b Petra  |c 2014 
300 |a 100 s.  |c 21 cm 
504 |a Bibliogr. odkazy ; bibliogr.: s. 99-100 
650 0 7 |a manželstvo  |2 SNKPH  |9 659 
650 0 7 |a kresťanské manželstvo  |2 SNKPH  |9 658 
650 0 7 |a kresťanská etika  |2 SNKPH  |9 30117 
650 0 7 |a láska  |2 SNKPH  |9 4351 
650 0 7 |a partnerské vzťahy  |2 SNKPH  |9 2250 
650 0 7 |a Marriage  |2 SNKPHeng  |9 282483 
650 0 7 |a Christian marriage  |2 SNKPHeng  |9 303613 
650 0 7 |a Christian ethics  |2 SNKPHeng  |9 276185 
650 0 7 |a Love  |2 SNKPHeng  |9 300221 
650 0 7 |a Partner relationships  |2 SNKPHeng  |9 284534 
650 0 7 |a kresťanské chápanie  |2 SNKPH  |9 3818 
650 0 7 |a Christian approach  |2 SNKPHeng  |9 303614 
655 7 |a príbehy  |2 SNKPH  |9 70507 
655 7 |a Stories  |2 SNKPHeng  |9 265785 
919 |a 978-80-8099-091-6 
958 |a NT 
958 |a NB 
999 |c 670049  |d 671979 
952 |a SNK  |b SNK  |y PREZ  |7 0  |p 17A1160530  |o snkSC 165268  |i snk2015/20060  |8 0  |0 0  |1 0  |4 0  |d 2015-06-30  |f 1  |l 0  |r 2026-02-23 19:23:41  |w 2026-02-23 
952 |a SNK  |b SNK  |y VYP  |7 0  |p 17A1160531  |o snkSC 165268 D1  |i snk2015/20061  |8 0  |0 0  |1 0  |4 0  |d 2015-06-30  |l 0  |r 2026-02-23 19:23:41  |w 2026-02-23